25 Largest Cities in California🏖🏄🛹 - Statistics

General Stats
  • This quiz has been taken 105 times
    53 since last reset
  • The average score is 17 of 25
Answer Stats
Population City % Correct
3.9 mil Los Angeles
100%
1.4 mil San Diego
100%
884k San Francisco
98%
1.0 mil San Jose
98%
444k Oakland
91%
539k Fresno
87%
531k Sacramento
85%
349k Anaheim
83%
391k Bakersfield
83%
452k Long Beach
83%
317k Stockton
78%
314k Riverside
74%
220k San Bernardino
74%
313k Santa Ana
63%
217k Modesto
54%
274k Chula Vista
52%
297k Irvine
52%
231k Fremont
50%
227k Santa Clarita
50%
203k Oxnard
46%
196k Glendale
41%
198k Huntington Beach
39%
208k Moreno Valley
35%
179k Santa Rosa
35%
208k Fontana
28%
No matching quizzes found
Score Distribution
Percent of People with Each Score
Percentile by Number Answered
Your Score History
You have not taken this quiz since the last reset